| 000 | 00803pam a2200217 a 4500 | ||
|---|---|---|---|
| 082 | 0 | 0 |
_a621.388 _bGRO _cL-NUST-1, P-83 |
| 100 | 1 |
_aGrob, Bernard. _919461 |
|
| 245 | 1 | 0 |
_aBasic television and video systems / _cBernard Grob. |
| 250 | _a5th ed. | ||
| 260 |
_aNew York : _bMcGraw-Hill, _cc1984. |
||
| 300 |
_axii, 464 p., [4] p. of plates : _bill. (some col.) ; _c25 cm. |
||
| 500 | _aIncludes index. | ||
| 500 | _aRev. ed. of: Basic television, principles and servicing. 4th ed. 1975. | ||
| 526 |
_a0 _b0 _c0 _d621_388000000000000_GRO |
||
| 650 | 0 |
_aMCE _9379 |
|
| 650 | 0 |
_aTelevision. _941674 |
|
| 700 | 1 |
_aGrob, Bernard. _919461 |
|
| 856 | 4 | 1 | _uhttp://www.loc.gov/catdir/enhancements/fy0602/83005476-t.html |
| 856 | 4 | 2 | _uhttp://www.loc.gov/catdir/enhancements/fy0602/83005476-d.html |
| 942 |
_2ddc _cBK |
||
| 999 |
_c545718 _d545718 |
||